000 00916nam a22002897a 4500
001 0053312
003 KOHA_MİRAKIL
005 20260207003913.0
007 ta
008 150706b2007 aj |||gr||||#||||0|aze |
040 _aTR-BiSEU
_btur
_cTR-BiSEU
_erda
041 0 _aaze
044 _caj
050 _aCS2815
_b.A93 2007
100 1 _aAydın, Aydın Abi.
240 1 0 _aTürk şexs adları
_lAzerice
245 1 _aTürk menşeli şahıs adları sözlüğü =
_bTürk şexs adları/
_cAydın Abi Aydın ; Aydın Abi Aydın ; editör Rüfet Rüstemov.
264 1 _aBakü :
_bNurlan Neşriyat
_c2007
300 _a463 sayfa ;
_c20 cm.
336 _ametin
_btxt
_2rdacontent
337 _aaracısız
_bn
_2rdamedia
338 _acilt
_bnc
_2rdacarrier
650 0 _aKişi adları.
_999654
650 0 _aNames, Personal.
_999655
650 0 _aTürk dili--Kökenbilimi--İsimler.
_999656
942 _2lcc
_cBK
999 _c53123
_d53123